在空白地图上画出湖北所有县级行政区Counties in Hubei with an empty map - Statistics

General Stats
  • This quiz has been taken 145 times
  • The average score is 66 of 103
Answers on the Map
Answers color-coded by a green-red scale on the quiz's map according to % correct below.
 
Answer Stats
地级 县级 % Correct
(直辖) 神农架林区
90%
(直辖) 仙桃市
88%
(直辖) 潜江市
88%
(直辖) 天门市
88%
武汉市 汉阳区
85%
恩施土家族苗族自治州 恩施市
85%
武汉市 江汉区
83%
咸宁市 赤壁市
83%
武汉市 武昌区
80%
襄阳市 樊城区
80%
武汉市 江岸区
78%
随州市 随县
78%
武汉市 江夏区
76%
武汉市 黄陂区
76%
襄阳市 襄城区
76%
荆州市 沙市区
76%
武汉市 硚口区
73%
武汉市 东西湖区
73%
襄阳市 襄州区
73%
鄂州市 鄂城区
73%
孝感市 汉川市
73%
荆州市 荆州区
73%
荆州市 公安县
73%
荆州市 监利市
73%
武汉市 蔡甸区
71%
十堰市 丹江口市
71%
荆门市 钟祥市
71%
黄冈市 黄州区
71%
黄冈市 黄梅县
71%
随州市 广水市
71%
武汉市 洪山区
68%
武汉市 新洲区
68%
黄石市 大冶市
68%
十堰市 郧阳区
68%
襄阳市 老河口市
68%
孝感市 孝南区
68%
孝感市 大悟县
68%
恩施土家族苗族自治州 巴东县
68%
鄂州市 华容区
66%
荆州市 洪湖市
66%
恩施土家族苗族自治州 利川市
66%
宜昌市 猇亭区
63%
宜昌市 夷陵区
63%
宜昌市 宜都市
63%
孝感市 安陆市
63%
荆州市 江陵县
63%
荆州市 松滋市
63%
黄冈市 团风县
63%
咸宁市 嘉鱼县
63%
恩施土家族苗族自治州 咸丰县
63%
武汉市 青山区
61%
武汉市 汉南区
61%
黄石市 西塞山区
61%
十堰市 茅箭区
61%
十堰市 张湾区
61%
十堰市 郧西县
61%
十堰市 房县
61%
宜昌市 五峰土家族自治县
61%
宜昌市 枝江市
61%
荆门市 沙洋县
61%
孝感市 孝昌县
61%
孝感市 云梦县
61%
荆州市 石首市
61%
黄冈市 红安县
61%
黄冈市 英山县
61%
黄冈市 蕲春县
61%
咸宁市 咸安区
61%
随州市 曾都区
61%
十堰市 竹山县
59%
宜昌市 伍家岗区
59%
襄阳市 枣阳市
59%
荆门市 掇刀区
59%
荆门市 京山市
59%
黄冈市 麻城市
59%
黄冈市 武穴市
59%
黄石市 黄石港区
56%
黄石市 铁山区
56%
黄石市 阳新县
56%
宜昌市 西陵区
56%
宜昌市 秭归县
56%
宜昌市 当阳市
56%
襄阳市 宜城市
56%
鄂州市 梁子湖区
56%
荆门市 东宝区
56%
黄冈市 浠水县
56%
咸宁市 通山县
56%
十堰市 竹溪县
54%
宜昌市 长阳土家族自治县
54%
咸宁市 通城县
54%
恩施土家族苗族自治州 来凤县
54%
宜昌市 点军区
49%
襄阳市 谷城县
49%
孝感市 应城市
49%
黄冈市 罗田县
49%
恩施土家族苗族自治州 宣恩县
49%
襄阳市 保康县
46%
恩施土家族苗族自治州 鹤峰县
46%
咸宁市 崇阳县
44%
黄石市 下陆区
41%
襄阳市 南漳县
41%
恩施土家族苗族自治州 建始县
41%
宜昌市 远安县
37%
宜昌市 兴山县
37%
No matching quizzes found
Score Distribution
Percent of People with Each Score
Percentile by Number Answered
Your Score History
You have not taken this quiz